000
00283nam a22001337a 4500
008
170904b xxu||||| |||| 00| 0 eng d
020
_a
9780131968813
041
_a
eng
080
_2
7TH
_a
070
100
_a
40
101
_a
MED
245
_a
ADVERTISING
_c
WELLS,W
942
_2
udc
_c
BK
999
_c
25912
_d
25912